00944nam a22001697a 450000500170000000800410001702000180005805000180007624500800009425000130017426000350018730000380022250000190026050504540027970000210073370000200075420231031163207.0230621b ||||| |||| 00| 0 eng d a9781498744607 aRG526.O26(20) aObstetrics by ten teachers. /c[edited by] Louise C. kenny, Jenny E. Myers. a20th ed. aBoca Raton:bCRC press,c2017. axviii, 341 p.:bill. ; col.c25cm aincludes index aContents: Obstetrics history and examination -- Antenatal care-- Normal fetal development and growth -- Assessment of fetal well-being -- Prenatal diagnosis -- Antenatal obstetric complications -- Multiple pregnancy -- Preterm labor -- Hypertensive disorders of pregnancy -- Medical complications of pregnancy -- Perinatal infections -- Labour: normal and abnormal -- Operative delivery -- Obstetric emergencies -- The Puerperium --The Neonate -- aKenny, C. Louise aMyers, Jenny E.